Emirom na jeden deň
Spojené Arabské Emiráty - krajina čierneho zlata. Predaj zlata a korenín. Turistika počas ramadánu. Pôstna párty. Arabská architektúra v hlavnom meste Abú Zabí. Výlet do púšte.
Saved in:
| Main Author: | |
|---|---|
| Format: | Book Chapter |
| Language: | Slovak |
| Subjects: | |
| Tags: |
No Tags, Be the first to tag this record!
|
MARC
| LEADER | 00000naa a2200000 4500 | ||
|---|---|---|---|
| 001 | 0195224 | ||
| 005 | 20231113083154.5 | ||
| 041 | 0 | |a slo | |
| 044 | |a SK | ||
| 245 | 1 | 0 | |a Emirom na jeden deň |c Jozef Martiš |
| 520 | |a Spojené Arabské Emiráty - krajina čierneho zlata. Predaj zlata a korenín. Turistika počas ramadánu. Pôstna párty. Arabská architektúra v hlavnom meste Abú Zabí. Výlet do púšte. | ||
| 610 | 2 | 0 | |a ruch cestovný |
| 610 | 2 | 0 | |a architektúra |
| 610 | 2 | 0 | |a kultúra |
| 610 | 2 | 0 | |a náboženstvo |
| 610 | 2 | 0 | |a ropa |
| 610 | 2 | 0 | |a zlato |
| 610 | 2 | 0 | |a Spojené Arabské Emiráty |
| 100 | 1 | |a Martiš, Jozef | |